Nobelova cena za ekonomii 1993

Udeľovanie ceny za ekonómiu v r.1993. Cenu získali profesor Robert W. Fogel z University of Chicago a profesor Douglass C. North z Washington University v St. Louis. Najdôležitejšie vedecké prínosy oboch ekonómov.

Saved in:
Bibliographic Details
Main Author: Jonáš, Jiří
Format: Book Chapter
Language:Czech
Subjects:
Tags: Add Tag
No Tags, Be the first to tag this record!

MARC

LEADER 00000naa a2200000 4500
001 r000001
005 20221213075941.9
041 0 |a cze 
044 |a CZ 
245 1 0 |a Nobelova cena za ekonomii 1993  |c Jiří Jonáš 
520 |a Udeľovanie ceny za ekonómiu v r.1993. Cenu získali profesor Robert W. Fogel z University of Chicago a profesor Douglass C. North z Washington University v St. Louis. Najdôležitejšie vedecké prínosy oboch ekonómov. 
610 2 0 |a Nobelova cena 
610 2 0 |a 1993 
610 2 0 |a ekonómia 
610 2 0 |a Fogel, R.W. 
610 2 0 |a North, D.C. 
100 1 |a Jonáš, Jiří